History Quiz

Random History or Nation Quiz

Treaty of Versailles Nations Quiz Stats

 Plays Quiz Updated Dec 22, 2017

Challenge
Share
Tweet
Embed
Score 0/28 Timer 05:00
0 Plays Today
Nations % Correct
British Empire*
98.5%
France
97.7%
Germany
96.9%
United States of America
94.2%
Italy
93%
Belgium
83%
Japan
80.4%
Poland
77.8%
China
74.4%
Greece
66.7%
The Serb-Croat-Slovene State
66.4%
Portugal
65.5%
Brazil
56.6%
Czecho-Slovakia
53.1%
Nations % Correct
Roumania
52.8%
Cuba
27.5%
Peru
25.8%
Siam
24.1%
Bolivia
21.5%
Panama
21.4%
Honduras
20.4%
Haiti
20%
Uruguay
19.6%
The Hedjaz/The Hashemite Kingdom of Hejaz
18.8%
Guatemala
18.3%
Ecuador
17.8%
Nicaragua
17.1%
Liberia
9.6%

You're not logged in!

Compare scores with friends on all Sporcle quizzes.
OR
Log In

You Might Also Like...

Show Comments

Extras

Top Quizzes Today


Score Distribution

Your Account Isn't Verified!

In order to create a playlist on Sporcle, you need to verify the email address you used during registration. Go to your Sporcle Settings to finish the process.

Report this User

Report this user for behavior that violates our Community Guidelines.

Details: